Zur Mentalität livländischer Aufklärungsschriftsteller
| Titel: | Zur Mentalität livländischer Aufklärungsschriftsteller : Der Patriotismus August Wilhelm Hupels |
|---|---|
| Verfasser: | |
| In: |
Königsberg und Riga, (1995), Seite 217-235 alle Artikel anzeigen |
| Veröffentlicht: | 1995 |
| Format: | Aufsatz |
| Sprache: | Deutsch |
X
alg: 39287037 001A $01999:11-11-16 001B $01999:22-05-21 $t21:50:08.000 001D $01999:11-11-16 001U $0utf8 001X $00 002@ $0Aox 003@ $0392870371 007A $0392870371 $aHEB 007T $0Herde06551 010@ $ager 011@ $a1995 021A $aZur Mentalität livländischer Aufklärungsschriftsteller $dDer Patriotismus August Wilhelm Hupels 028A $aGrasshoff $dAnnelies 031A $h217-235 $j1995 039B $aIn $8--AFu--. @Zentren der Aufklärung ; 2. Königsberg und Riga. - Tübingen : Niemeyer, 1995. - IX, 263 S.. - Ill., graph. Darst.. - ISBN 3-484-17516-8 $x199500000000000783 $9045697310 045F $a800 $eDDC23BSB 045F/01 $a800 045F/03 $g4798 045F/03 $g4796 lok: 39287037 78 exp: 39287037 78 1 #EPN 201B/01 $019-04-17 $t11:39:01.000 201U/01 $0utf8 203@/01 $0788980645 208@/01 $a11-11-16 $be 209A/01 $a/ $f000 $x00 220C/01 $aTitelaufnehmer: pk 220C/01 $aHerkunft: Baltische Bibliographie / P. Kaegbein 244Z/01 $2Trx $#Estija $#Igaunija $#Estland $#Estonia $#Estonia $#Estónsko $#Estonsko $8--Trx--Eesti $x01 $9391237225 244Z/01 $2Trx $#Latvija $#Lettland $#Łotwa $#Lotyšsko $8--Trx--Latvija $x02 $9391275879 244Z/01 $2Trx $8--Trx--Hupel, August Wilhelm$Z1737-1819 $x03 $939085431X 244Z/01 $2Trx $#valgustusajastu $#Apšvieta $#Enlightenment $#felvilágosodás $#oświecenie $#osvietenstvo $#osvícenství $8--Trx--Aufklärung $x04 $9391364642 244Z/01 $2Trx $#kirjanikud $#rašytojai $#writers $#írók $#pisarze $#spisovatelia $#spisovatelé $8--Trx--Schriftsteller $x05 $9391382659 244Z/01 $2Trx $8--Trx--Einzelbeiträge $x06 $9391384570 245Z/01 $a11.08 $x01 247C/01 $82080>Marburg/Lahn, Herder-Institut, Forschungsbibliothek, Bibliographieportal $9336309341
| LEADER | 00000caa a22000002c 4500 | ||
|---|---|---|---|
| 001 | 392870371 | ||
| 003 | DE-603 | ||
| 005 | 20210522215008.0 | ||
| 007 | tu | ||
| 008 | 161111s1995 xx |||| | u00||u|ger c | ||
| 035 | |a (DE-599)HEB392870371 | ||
| 040 | |a DE-603 |b ger |c DE-603 |d DE-603 | ||
| 041 | |a ger | ||
| 082 | 0 | 4 | |8 1\u |a 800 |q DE-101 |2 23/BSB |
| 085 | |8 1\u |b 800 | ||
| 085 | |8 1\u |z 2 |s 4798 | ||
| 085 | |8 1\u |z 2 |s 4796 | ||
| 100 | 1 | |a Grasshoff, Annelies | |
| 245 | 0 | 0 | |a Zur Mentalität livländischer Aufklärungsschriftsteller |b Der Patriotismus August Wilhelm Hupels |
| 264 | 0 | |c 1995 | |
| 773 | 0 | 8 | |i In |t Königsberg und Riga |d Tübingen : Niemeyer, 1995 |h IX, 263 S., Ill., graph. Darst. |z 3484175168 |g (1995), Seite 217-235 |w (DE-603)045697310 |
| 924 | 0 | |9 2080 |a (DE-603)788980645 |b DE-2080 |c HES |d d |g / | |


